00684nam a2200193 i 450000100060000000300090000600500170001500700030003200800410003510000330007624502100010926000310031930000220035065000270037270000180039970000230041770000290044085200210046981870ES-MaACL20251202185828.0t|041108s1975 sp |||| | spa d1 aIglesias, Pablo, d1850-192510aEscritos. n2, pEl socialismo en España b: escritos en la prensa socialista y liberal (1870-1925) / cPablo Iglesias ; selección y estudio preliminar de Luis Arranz, Mercedes Cabrera, Antonio Elorza. aMadrid : bAyuso, c[1975] a464 p. ; c21 cm. aSocialismo-zEspaña.1 aArranz, Luis.1 aCabrera, Mercedes.1 aElorza, Antonio, d1943- aES-MaACLjE-9766